000 00487nam a2200193Ia 4500
008 210210b1977 xxu||||| |||| 00| 0 eng d
041 _aeng
082 _a651.7 KARC
100 _aKARNIK (Saroj P)
245 _aComprehensive business communication
260 _aBombay
_bOrient Longman Ltd
_c1977
300 _a444
650 _aComprehensive
650 _acommunication
650 _abusiness
690 _aBusiness Communication
700 _aMEHTA (P P)
906 _aSG01541
999 _c141149
_d141149